Documentos de trabajo (Registro nro. 8643)
[ vista simple ]
| 000 -LEADER | |
|---|---|
| fixed length control field | 00981nas a2200241 454500 |
| 001 - CONTROL NUMBER | |
| control field | 28256 |
| 005 - DATE AND TIME OF LATEST TRANSACTION | |
| control field | 20260407193507.0 |
| 008 - FIXED-LENGTH DATA ELEMENTS--GENERAL INFORMATION | |
| fixed length control field | 260407s1997####ag###########|||spa#d |
| 003 - CONTROL NUMBER IDENTIFIER | |
| control field | AR-UNSa-BCEJYS |
| 040 ## - CATALOGING SOURCE | |
| Original cataloging agency | AR-UNSa-BCEJYS |
| Language of cataloging | spa |
| Transcribing agency | AR-UNSa-BCEJYS |
| 080 ## - UNIVERSAL DECIMAL CLASSIFICATION NUMBER | |
| Universal Decimal Classification number | 336.71 |
| Common auxiliary subdivision | Bancos. Sistema bancario |
| 022 ## - INTERNATIONAL STANDARD SERIAL NUMBER | |
| International Standard Serial Number | 0328-8846 |
| 100 1# - MAIN ENTRY--PERSONAL NAME | |
| Personal name | Banco Central de la República Argentina. Area de Economía y Finanzas |
| 245 10 - TITLE STATEMENT | |
| Title | Documentos de trabajo |
| 264 #1 - PRODUCTION, PUBLICATION, DISTRIBUTION, MANUFACTURE, AND COPYRIGHT NOTICE | |
| Place of production, publication, distribution, manufacture | Buenos Aires : |
| Name of producer, publisher, distributor, manufacturer | Banco Central de la República Argentina |
| Date of production, publication, distribution, manufacture, or copyright notice | 1997 |
| 310 ## - CURRENT PUBLICATION FREQUENCY | |
| Current publication frequency | Frecuencia: Irregular |
| 590 ## - LOCAL NOTE (RLIN) | |
| Local note | niveau_biblio:s niveau_hierar:1 |
| 650 ## - SUBJECT ADDED ENTRY--TOPICAL TERM | |
| Topical term or geographic name entry element | Macroeconomía |
| 650 ## - SUBJECT ADDED ENTRY--TOPICAL TERM | |
| Topical term or geographic name entry element | ECONOMIA ARGENTINA |
| 650 ## - SUBJECT ADDED ENTRY--TOPICAL TERM | |
| Topical term or geographic name entry element | BANCO CENTRAL |
| 856 41 - ELECTRONIC LOCATION AND ACCESS | |
| Uniform Resource Identifier | <a href="https://biblioeco.unsa.edu.ar/pmb/images/revistas/Contribucin de la productividad total de los factores al crecimiento del producto, en la Argentina y en los paises reicentemente Industrializados del este de Asia-r13709.jpg">https://biblioeco.unsa.edu.ar/pmb/images/revistas/Contribucin de la productividad total de los factores al crecimiento del producto, en la Argentina y en los paises reicentemente Industrializados del este de Asia-r13709.jpg</a> |
| Link text | Imagen de portada |
| Electronic format type | image/jpeg |
| 942 ## - ADDED ENTRY ELEMENTS (KOHA) | |
| Koha item type | |
| Withdrawn status | Lost status | Damaged status | Not for loan | Home library | Current library | Shelving location | Date acquired | Serial enumeration / chronology | Total checkouts | Full call number | Barcode | Date last seen | Price effective from | Koha item type |
|---|---|---|---|---|---|---|---|---|---|---|---|---|---|---|
| Biblioteca Prof. Eusebio Cleto del Rey | Biblioteca Prof. Eusebio Cleto del Rey | 01/04/2000 | Nº 13 - abr. 2000 | H336.71 DOC 13 | R13714 | 10/04/2026 | 10/04/2026 | Numero | ||||||
| Biblioteca Prof. Eusebio Cleto del Rey | Biblioteca Prof. Eusebio Cleto del Rey | 01/10/1999 | Nº 10 - oct. 1999 | H336.71 DOC 10 | R13713 | 10/04/2026 | 10/04/2026 | Numero | ||||||
| Biblioteca Prof. Eusebio Cleto del Rey | Biblioteca Prof. Eusebio Cleto del Rey | 01/07/1999 | Nº 9 - jul. 1999 | H336.71 DOC 9 | R13712 | 10/04/2026 | 10/04/2026 | Numero | ||||||
| Biblioteca Prof. Eusebio Cleto del Rey | Biblioteca Prof. Eusebio Cleto del Rey | 01/07/1999 | Nº 8 - jul. 1999 | H336.71 DOC 8 | R13711 | 10/04/2026 | 10/04/2026 | Numero | ||||||
| Biblioteca Prof. Eusebio Cleto del Rey | Biblioteca Prof. Eusebio Cleto del Rey | 01/10/1998 | Nº 7 - oct. 1998 | H336.71 DOC 7 | R13710 | 10/04/2026 | 10/04/2026 | Numero | ||||||
| Biblioteca Prof. Eusebio Cleto del Rey | Biblioteca Prof. Eusebio Cleto del Rey | 01/09/1998 | Nº 6 - sep. 1998 | H336.71 DOC 6 | R13709 | 10/04/2026 | 10/04/2026 | Numero | ||||||
| Biblioteca Prof. Eusebio Cleto del Rey | Biblioteca Prof. Eusebio Cleto del Rey | 01/08/1997 | Nº 3 - ago. 1997 | H336.71 DOC 3 | R13708 | 10/04/2026 | 10/04/2026 | Numero | ||||||
| Biblioteca Prof. Eusebio Cleto del Rey | Biblioteca Prof. Eusebio Cleto del Rey | 01/07/1997 | Nº 2 - jul. 1997 | H336.71 DOC 2 | R13702 | 10/04/2026 | 10/04/2026 | Numero |